Becoming self-advocates (Record no. 11123)
[ view plain ]
| 000 -LEADER | |
|---|---|
| fixed length control field | 01195nam a2200301 a 4500 |
| 100 1# - MAIN ENTRY--AUTHOR NAME | |
| Personal name | Callus, Anne-Marie. |
| 245 10 - TITLE STATEMENT | |
| Title | Becoming self-advocates |
| 260 ## - PUBLICATION, DISTRIBUTION, ETC. (IMPRINT) | |
| Place of publication | New York : |
| Name of publisher | Peter Lang, |
| Year of publication | 2013. |
| 300 ## - PHYSICAL DESCRIPTION | |
| Number of Pages | x, 296 p. : |
| Other physical details | ill. |
| 650 #0 - SUBJECT ADDED ENTRY--TOPICAL TERM | |
| Topical Term | People with disabilities. |
| Topical Term | Self-help techniques. |
| 856 40 - ELECTRONIC LOCATION AND ACCESS | |
| Uniform Resource Identifier | http://site.ebrary.com/lib/rucke/Doc?id=10690878 |
No items available.
